Normal view
MARC view
- يونس ، بني يونس
Entry Personal Name
001 - CONTROL NUMBER
- control field: 31306
003 - CONTROL NUMBER IDENTIFIER
- control field: JO-AjAnu
005 - DATE AND TIME OF LATEST TRANSACTION
- control field: 20230606075255.0
008 - FIXED-LENGTH DATA ELEMENTS
- fixed length control field: 230606|| aca||aabn | a|a d
040 ## - CATALOGING SOURCE
- Original cataloging agency: JO-AjAnu
- Transcribing agency: JO-AjAnu
100 ## - HEADING--PERSONAL NAME
- Personal name: يونس ، بني يونس
670 ## - SOURCE DATA FOUND
- Source citation: Work cat.: (JO-AjAnu)16077: يونس ، بني يونس , author, المركز القانوني للأجانب في المملكة الأردنية الهاشمية